[Event "Kimry-ch"]
[Site "Kimry"]
[Date "2015.01.05"]
[Round "7"]
[White "Pakhteev, Yury"]
[Black "Dobrovolsky, Konstantin"]
[Result "0-1"]
[WhiteElo "2245"]
[BlackElo "2223"]
[PlyCount "60"]
[EventDate "2015.01.02"]
[EventType "swiss"]
[EventRounds "9"]
[EventCountry "RUS"]
[SourceTitle "CBM 164 Extra"]
[Source "ChessBase"]
[SourceDate "2015.03.02"]
[SourceVersion "1"]
[SourceVersionDate "2015.03.02"]
[SourceQuality "1"]

1. Nf3 Nf6 2. d4 g6 3. c4 Bg7 4. Nc3 d6 5. g3 0-0 6. Bg2 Nc6 7. 0-0 a6 8. d5 Na5 9. Nd2 c5 10. a3 Bd7 11. Ra2 b5 12. b3 Rb8 13. Qc2 e5 14. dxe6 Bxe6 15. Nd5 Bf5 16. Nxf6+ Bxf6 17. e4 Be6 18. f4 Nc6 19. Bb2 Bxb2 20. Rxb2 Nd4 21. Qd3 Qa5 22. f5 Qxa3 23. Rbb1 Bxc4 24. Qe3 Bxf1 25. Rxf1 Qb2 26. f6 Kh8 27. e5 Nf5 28. Rxf5 gxf5 29. Qh6 Rg8 30. e6 Rg6 0-1

[Event "Kimry Rating op 68th"]
[Site "Kimry"]
[Date "2014.01.04"]
[Round "4"]
[White "Popov, Anton Yur"]
[Black "Dobrovolsky, Konstantin"]
[Result "1/2-1/2"]
[WhiteElo "2135"]
[BlackElo "2278"]
[PlyCount "71"]
[EventDate "2014.01.02"]
[EventType "swiss"]
[EventRounds "9"]
[EventCountry "RUS"]
[SourceTitle "CBM 158 Extra"]
[Source "ChessBase"]
[SourceDate "2014.02.28"]
[SourceVersion "1"]
[SourceVersionDate "2014.02.28"]
[SourceQuality "1"]

1. e4 e5 2. f4 d5 3. exd5 exf4 4. Nf3 Nf6 5. Bc4 Nxd5 6. 0-0 Be7 7. Bxd5 Qxd5 8. Nc3 Qd6 9. d4 Bg4 10. Ne4 Qd5 11. Qd3 Bxf3 12. Rxf3 Nc6 13. c3 g5 14. g3 f5 15. Nf2 0-0-0 16. gxf4 g4 17. Re3 Bd6 18. Re2 h5 19. Bd2 Rhg8 20. Nh1 h4 21. a4 a6 22. b4 Bxb4 23. Be1 Bc5 24. Rd1 Kb8 25. Bxh4 Rd7 26. Bf2 Bd6 27. Bg3 Na5 28. Nf2 Nc4 29. Qc2 Qf3 30. Rd3 Qd5 31. Rd1 Qf3 32. Rd3 Qd5 33. Rd1 Rdd8 34. Nd3 c5 35. Ne5 cxd4 36. cxd4 1/2-1/2

[Event "Kimry Rating op 68th"]
[Site "Kimry"]
[Date "2014.01.03"]
[Round "3"]
[White "Dobrovolsky, Konstantin"]
[Black "Bilan, Danila"]
[Result "1-0"]
[WhiteElo "2278"]
[BlackElo "2032"]
[PlyCount "91"]
[EventDate "2014.01.02"]
[EventType "swiss"]
[EventRounds "9"]
[EventCountry "RUS"]
[SourceTitle "CBM 158 Extra"]
[Source "ChessBase"]
[SourceDate "2014.02.28"]
[SourceVersion "1"]
[SourceVersionDate "2014.02.28"]
[SourceQuality "1"]

1. d4 d5 2. c4 e6 3. Nf3 c6 4. Nbd2 Nf6 5. e3 Nbd7 6. Bd3 Bd6 7. 0-0 b6 8. b3 Bb7 9. Bb2 0-0 10. Ne5 c5 11. f4 Ne4 12. cxd5 exd5 13. Nxe4 dxe4 14. Bc4 Nf6 15. Qe1 Qe7 16. Rd1 Rad8 17. dxc5 Bxc5 18. Rxd8 Qxd8 19. b4 Be7 20. Qc3 b5 21. Bb3 Qd6 22. Rd1 Qxb4 23. Qxb4 Bxb4 24. Nxf7 Bd5 25. Bxd5 Nxd5 26. Rxd5 Rxf7 27. Rxb5 Bd6 28. Bd4 Rd7 29. Rd5 Kf7 30. Be5 Ke6 31. Rxd6+ Rxd6 32. Bxd6 Kxd6 33. g4 a5 34. f5 Ke5 35. Kf2 h5 36. h3 h4 37. Ke2 Kd5 38. Kd2 Kc4 39. Kc2 a4 40. a3 Kd5 41. Kc3 Kc5 42. g5 Kd5 43. Kb4 Ke5 44. f6 gxf6 45. gxf6 Kxf6 46. Kxa4 1-0

[Event "Kimry Rating op 68th"]
[Site "Kimry"]
[Date "2014.01.02"]
[Round "1"]
[White "Dobrovolsky, Konstantin"]
[Black "Doronine, Vladimir"]
[Result "1-0"]
[WhiteElo "2278"]
[BlackElo "1752"]
[PlyCount "137"]
[EventDate "2014.01.02"]
[EventType "swiss"]
[EventRounds "9"]
[EventCountry "RUS"]
[SourceTitle "CBM 158 Extra"]
[Source "ChessBase"]
[SourceDate "2014.02.28"]
[SourceVersion "1"]
[SourceVersionDate "2014.02.28"]
[SourceQuality "1"]

1. Nf3 d6 2. e4 Nf6 3. Nc3 g6 4. d4 Bg7 5. Bc4 0-0 6. Bb3 Bg4 7. h3 Bxf3 8. Qxf3 Nc6 9. Be3 e5 10. dxe5 Nxe5 11. Qe2 Re8 12. 0-0-0 a6 13. f4 Nc6 14. Qf3 Na5 15. e5 Nxb3+ 16. cxb3 Nd7 17. exd6 cxd6 18. Rxd6 Qc7 19. Rd3 b5 20. Kb1 Rac8 21. Rc1 Re6 22. Nxb5 Qd8 23. Rxc8 Qxc8 24. Nd6 Qd8 25. Nc4 Qe7 26. Qd5 Nf8 27. a3 h5 28. f5 gxf5 29. Qxf5 Rf6 30. Qxh5 Rf1+ 31. Ka2 Qe4 32. Qd5 Qg6 33. g4 Ne6 34. Rd1 Qf6 35. Qa8+ Kh7 36. Qe4+ Kg8 37. g5 Qf5 38. Qa8+ Nf8 39. Rxf1 Qxf1 40. Qxa6 Qxh3 41. Qc6 Qf5 42. Qg2 Qd3 43. a4 Ne6 44. a5 Nc7 45. a6 Qd8 46. a7 Nd5 47. Bb6 Qa8 48. Qh2 Nb4+ 49. Ka3 Nc6 50. Qc7 Bf8+ 51. Ka4 Qe8 52. a8Q Qxa8+ 53. Kb5 Nb4 54. Bc5 Nd5 55. Qc6 Qb8+ 56. Ka4 Bxc5 57. Qxc5 Qa8+ 58. Kb5 Qb7+ 59. Nb6 Nc7+ 60. Kc4 Qe4+ 61. Qd4 Qe2+ 62. Qd3 Qe6+ 63. Kc5 Qe7+ 64. Kc6 Ne6 65. Nd7 Qxg5 66. Qe4 Nd8+ 67. Kd6 Qh6+ 68. Ke7 Qg5+ 69. Nf6+ 1-0

[Event "Kimry Winter op"]
[Site "Kimry"]
[Date "2012.01.27"]
[Round "2"]
[White "Bykova, Natalia"]
[Black "Dobrovolsky, Konstantin"]
[Result "0-1"]
[WhiteElo "1763"]
[BlackElo "2221"]
[PlyCount "84"]
[EventDate "2012.01.27"]
[EventType "swiss"]
[EventRounds "8"]
[EventCountry "RUS"]
[SourceTitle "CBM 146 Extra"]
[Source "ChessBase"]
[SourceDate "2012.02.29"]
[SourceVersion "1"]
[SourceVersionDate "2012.02.29"]
[SourceQuality "1"]

1. e4 c5 2. Nf3 Nc6 3. d4 cxd4 4. Nxd4 g6 5. Nc3 Bg7 6. Be3 Nf6 7. Be2 0-0 8. 0-0 d5 9. Nxc6 bxc6 10. e5 Ne4 11. Nxe4 dxe4 12. Bf4 Qb6 13. Rb1 Be6 14. c4 Qc7 15. Qd4 c5 16. Qc3 Rfd8 17. Rbd1 h5 18. b3 a5 19. Rxd8+ Rxd8 20. Rd1 Ra8 21. Qe3 Qc6 22. f3 a4 23. fxe4 axb3 24. axb3 Qb6 25. Qd3 Rb8 26. Qe3 Kh7 27. h3 Qxb3 28. Qxc5 Rc8 29. Qxe7 Rxc4 30. Rd3 Qb1+ 31. Rd1 Qb6+ 32. Kf1 Rxe4 33. Qg5 Qb4 34. Bd2 Qb2 35. g4 Rxe5 36. Qh4 Qb7 37. Kf2 Qb6+ 38. Kf1 Qc6 39. Kf2 Rxe2+ 40. Kxe2 Qg2+ 41. Qf2 Bc4+ 42. Ke1 Qh1+ 0-1

[Event "Kimry-ch 60th"]
[Site "Kimry"]
[Date "2012.01.06"]
[Round "8"]
[White "Denishev, Marat"]
[Black "Dobrovolsky, Konstantin"]
[Result "1/2-1/2"]
[WhiteElo "2121"]
[BlackElo "2221"]
[PlyCount "156"]
[EventDate "2012.01.02"]
[EventType "swiss"]
[EventRounds "9"]
[EventCountry "RUS"]
[SourceTitle "CBM 146 Extra"]
[Source "ChessBase"]
[SourceDate "2012.02.29"]
[SourceVersion "1"]
[SourceVersionDate "2012.02.29"]
[SourceQuality "1"]

1. d4 Nf6 2. Nf3 d5 3. c4 e6 4. Nc3 Bb4 5. Qc2 c5 6. e3 Nc6 7. a3 Bxc3+ 8. bxc3 Qa5 9. Bd2 Ne4 10. Bd3 Nxd2 11. Nxd2 cxd4 12. exd4 dxc4 13. Nxc4 Qd5 14. 0-0 Bd7 15. Rab1 Rb8 16. Rb5 Nxd4 17. Rxd5 Nxc2 18. Ra5 Nxa3 19. Rxa3 a6 20. Rb1 Ke7 21. Ne5 Rhc8 22. Rab3 b5 23. Nxd7 Kxd7 24. c4 h5 25. cxb5 axb5 26. Bxb5+ Ke7 27. g3 g6 28. Ba6 Rxb3 29. Rxb3 Rc5 30. Rb7+ Kf6 31. Bb5 Rc8 32. Kg2 Ra8 33. h3 Rc8 34. Bd7 Ra8 35. Rc7 Rb8 36. g4 hxg4 37. hxg4 g5 38. Bc6 Rd8 39. Kf3 Rb8 40. Rb7 Rc8 41. Rb6 Rd8 42. Ke4 Rd2 43. f3 Rd8 44. Ra6 Rd6 45. Bb5 Rd8 46. Rb6 Kg6 47. Bc6 Kf6 48. Rb7 Rc8 49. Bd7 Rd8 50. Ra7 Ke7 51. Ba4+ Kf6 52. Rd7 Ra8 53. Rd4 Ra5 54. Kd3 Rc5 55. Rc4 Rd5+ 56. Kc3 Rd6 57. Rc7 Rd8 58. Kc4 Rf8 59. Kd4 Rd8+ 60. Kc5 Rd5+ 61. Kb6 Rd8 62. Kb7 Rh8 63. Bc6 Rd8 64. Rd7 Rf8 65. Kc7 Ke5 66. Rd1 Rh8 67. Be4 Kf4 68. Rd4 Ke3 69. Ra4 Rh4 70. Ra5 f5 71. Bxf5 exf5 72. Rxf5 Rh3 73. Kd6 Rxf3 74. Ke5 Rf4 75. Rxg5 Ra4 76. Rg8 Ra5+ 77. Kf6 Kf4 78. g5 Rf5+ 1/2-1/2

[Event "Kimry-ch 60th"]
[Site "Kimry"]
[Date "2012.01.04"]
[Round "5"]
[White "Dobrovolsky, Konstantin"]
[Black "Mishin, Alexei"]
[Result "1-0"]
[WhiteElo "2221"]
[BlackElo "2227"]
[PlyCount "67"]
[EventDate "2012.01.02"]
[EventType "swiss"]
[EventRounds "9"]
[EventCountry "RUS"]
[SourceTitle "CBM 146 Extra"]
[Source "ChessBase"]
[SourceDate "2012.02.29"]
[SourceVersion "1"]
[SourceVersionDate "2012.02.29"]
[SourceQuality "1"]

1. d4 d6 2. Nf3 Bg4 3. Nbd2 Nd7 4. h3 Bh5 5. e4 e5 6. c3 Be7 7. g4 Bg6 8. h4 d5 9. exd5 e4 10. h5 exf3 11. hxg6 fxg6 12. Bd3 Nh6 13. Qxf3 Rf8 14. Qe2 Rf4 15. Ne4 Rxg4 16. Bxh6 Rxe4 17. Bxe4 gxh6 18. Rxh6 Nf8 19. 0-0-0 Qd6 20. Qg4 b5 21. f4 Rb8 22. Kb1 b4 23. c4 b3 24. axb3 Rxb3 25. c5 Qa6 26. Rh2 Re3 27. f5 g5 28. d6 cxd6 29. c6 Bf6 30. c7 Kd7 31. Rc2 Kc8 32. Qg2 Rb3 33. Bd5 Rb4 34. Be6+ 1-0

[Event "Kimry-ch 60th"]
[Site "Kimry"]
[Date "2012.01.03"]
[Round "3"]
[White "Dobrovolsky, Konstantin"]
[Black "Ustinov, Alexey"]
[Result "1-0"]
[WhiteElo "2221"]
[BlackElo "2131"]
[PlyCount "44"]
[EventDate "2012.01.02"]
[EventType "swiss"]
[EventRounds "9"]
[EventCountry "RUS"]
[SourceTitle "CBM 146 Extra"]
[Source "ChessBase"]
[SourceDate "2012.02.29"]
[SourceVersion "1"]
[SourceVersionDate "2012.02.29"]
[SourceQuality "1"]

1. d4 Nf6 2. c4 g6 3. Nc3 d5 4. cxd5 Nxd5 5. e4 Nxc3 6. bxc3 Bg7 7. Bc4 0-0 8. Ne2 c5 9. 0-0 Nc6 10. Be3 cxd4 11. cxd4 Na5 12. Bd3 Bg4 13. f3 Be6 14. Rc1 b6 15. Qd2 Rc8 16. d5 Bd7 17. Ba6 Rxc1 18. Rxc1 Qb8 19. Bf4 Be5 20. Bxe5 Qxe5 21. Qc3 Qg5 22. f4 Qh5 1-0

[Event "Kimry-ch 60th"]
[Site "Kimry"]
[Date "2012.01.03"]
[Round "2"]
[White "Shabanov, Nurlan Mammad"]
[Black "Dobrovolsky, Konstantin"]
[Result "1/2-1/2"]
[WhiteElo "2022"]
[BlackElo "2221"]
[PlyCount "36"]
[EventDate "2012.01.02"]
[EventType "swiss"]
[EventRounds "9"]
[EventCountry "RUS"]
[SourceTitle "CBM 146 Extra"]
[Source "ChessBase"]
[SourceDate "2012.02.29"]
[SourceVersion "1"]
[SourceVersionDate "2012.02.29"]
[SourceQuality "1"]

1. d4 d5 2. c4 c6 3. Nf3 Nf6 4. e3 Bf5 5. Nc3 e6 6. Qb3 Qb6 7. Be2 Nbd7 8. 0-0 Be7 9. Nh4 Qxb3 10. axb3 Bc2 11. Bd1 Bd3 12. Be2 Bc2 13. Bd1 Bd3 14. Be2 Bxe2 15. Nxe2 Ne4 16. Nf3 Bb4 17. Ne1 Bxe1 18. Rxe1 0-0 1/2-1/2

[Event "Kimry Summer op 45th"]
[Site "Kimry"]
[Date "2009.06.11"]
[Round "2"]
[White "Dobrovolsky, Konstantin"]
[Black "Pakhteev, Yury"]
[Result "1/2-1/2"]
[WhiteElo "2176"]
[BlackElo "2290"]
[PlyCount "53"]
[EventDate "2009.06.11"]
[EventType "swiss"]
[EventRounds "8"]
[EventCountry "RUS"]
[SourceTitle "EXT 2022"]
[Source "ChessBase"]
[SourceDate "2021.10.06"]
[SourceVersion "1"]
[SourceVersionDate "2021.10.06"]
[SourceQuality "1"]

1. d4 Nf6 2. c4 g6 3. Nc3 Bg7 4. e4 d6 5. f3 0-0 6. Be3 Nc6 7. Qd2 e5 8. d5 Ne7 9. Bd3 Nd7 10. Nge2 f5 11. exf5 Nxf5 12. Bg5 Bf6 13. Bxf6 Qxf6 14. 0-0-0 Nc5 15. Bc2 a5 16. h4 Bd7 17. Ne4 Nxe4 18. Bxe4 b5 19. g4 Ne7 20. c5 Rfb8 21. c6 Be8 22. Ng3 Bf7 23. Qh6 Qg7 24. Qg5 Re8 25. Qe3 Kh8 26. Rd2 Rf8 27. Qd3 1/2-1/2

[Event "Kimry Spring op 44th"]
[Site "Kimry"]
[Date "2009.04.13"]
[Round "3"]
[White "Pakhteev, Yury"]
[Black "Dobrovolsky, Konstantin"]
[Result "1/2-1/2"]
[WhiteElo "2290"]
[BlackElo "2176"]
[PlyCount "32"]
[EventDate "2009.04.13"]
[EventType "swiss"]
[EventRounds "7"]
[EventCountry "RUS"]
[SourceTitle "EXT 2022"]
[Source "ChessBase"]
[SourceDate "2021.10.06"]
[SourceVersion "1"]
[SourceVersionDate "2021.10.06"]
[SourceQuality "1"]

1. d4 d5 2. Bg5 h6 3. Bh4 c5 4. Nc3 Nc6 5. e3 cxd4 6. exd4 Nf6 7. Bxf6 exf6 8. Bb5 a6 9. Ba4 Bb4 10. Nge2 0-0 11. 0-0 Qd6 12. a3 Ba5 13. Qd3 Be6 14. Nd1 b5 15. Bb3 Bc7 16. Qg3 Na5 1/2-1/2

[Event "Dubna-ch"]
[Site "Dubna"]
[Date "2009.02.21"]
[Round "6"]
[White "Popov, Alexander"]
[Black "Dobrovolsky, Konstantin"]
[Result "0-1"]
[WhiteElo "2181"]
[BlackElo "2196"]
[PlyCount "90"]
[EventDate "2009.02.16"]
[EventType "tourn"]
[EventRounds "11"]
[EventCountry "RUS"]
[SourceTitle "EXT 2012"]
[Source "ChessBase"]
[SourceDate "2011.11.24"]
[SourceVersion "1"]
[SourceVersionDate "2011.11.24"]
[SourceQuality "1"]

1. e4 c5 2. c4 Nc6 3. d3 g6 4. g3 Bg7 5. Ne2 Nf6 6. Nbc3 0-0 7. Bg2 d6 8. 0-0 Ne8 9. Be3 Nc7 10. Qd2 Ne5 11. h3 Bxh3 12. f4 Bxg2 13. Kxg2 Ng4 14. f5 Rb8 15. Rf4 Nxe3+ 16. Qxe3 g5 17. Rf3 h6 18. Rh1 b5 19. b3 b4 20. Nd1 Ne8 21. g4 Qa5 22. Qd2 Nf6 23. Nf2 Qa3 24. Rfh3 Nd7 25. d4 Rfd8 26. Ng3 Nf6 27. Nh5 Nxh5 28. Rxh5 Kf8 29. Nh3 Ke8 30. d5 a5 31. Nf2 a4 32. R5h3 Ra8 33. Nd1 axb3 34. axb3 Qa1 35. Ne3 Qe5 36. Rc1 Ra3 37. Rf3 Rda8 38. Rc2 Qxe4 39. f6 Bxf6 40. Qf2 Rxb3 41. Re2 Raa3 42. Kh3 Bd4 43. Rxf7 Rxe3+ 44. Rxe3 Rxe3+ 45. Kh2 Re2 0-1

[Event "Dubna-ch"]
[Site "Dubna"]
[Date "2009.02.16"]
[Round "1"]
[White "Shikalov, Roman"]
[Black "Dobrovolsky, Konstantin"]
[Result "1-0"]
[WhiteElo "2425"]
[BlackElo "2196"]
[PlyCount "111"]
[EventDate "2009.02.16"]
[EventType "tourn"]
[EventRounds "11"]
[EventCountry "RUS"]
[SourceTitle "EXT 2012"]
[Source "ChessBase"]
[SourceDate "2011.11.24"]
[SourceVersion "1"]
[SourceVersionDate "2011.11.24"]
[SourceQuality "1"]

1. d4 d5 2. Nf3 Nf6 3. Bg5 Ne4 4. Bf4 Bf5 5. e3 e6 6. Be2 Be7 7. 0-0 0-0 8. c4 dxc4 9. Bxc4 c5 10. Qb3 Qb6 11. d5 exd5 12. Bxd5 Nc6 13. Ne5 Qxb3 14. axb3 Nxe5 15. Bxe5 a5 16. Bxb7 Ra7 17. Bd5 Rd8 18. Bc4 Be6 19. f3 Bf6 20. Bxf6 Nxf6 21. Nc3 Rb8 22. Nb5 Rab7 23. Rxa5 Nd5 24. Bxd5 Rxb5 25. Rxb5 Rxb5 26. Rd1 Kf8 27. Bxe6 fxe6 28. Rd3 Ke7 29. Rc3 Kd6 30. Kf2 Ra5 31. Ke2 Ra1 32. Rc2 Ra7 33. Kd3 Rb7 34. Kc3 Kc6 35. Rd2 Rb8 36. e4 Kc7 37. Rd3 Rb4 38. g3 g5 39. e5 g4 40. f4 Re4 41. Rd6 Re2 42. Rxe6 Rxh2 43. f5 Rg2 44. Rh6 Rxg3+ 45. Kc4 Rh3 46. Rf6 h5 47. Kxc5 Rxb3 48. e6 g3 49. Rf7+ Kd8 50. Rg7 Rf3 51. Kd6 Rd3+ 52. Ke5 h4 53. f6 Re3+ 54. Kd6 Rd3+ 55. Kc6 Kc8 56. e7 1-0

[Event "Dubna Autumn Rating"]
[Site "Dubna"]
[Date "2008.10.18"]
[Round "7.3"]
[White "Shikalov, Roman"]
[Black "Dobrovolsky, Konstantin"]
[Result "1/2-1/2"]
[WhiteElo "2418"]
[BlackElo "2113"]
[PlyCount "47"]
[EventDate "2008.10.10"]
[EventType "tourn"]
[EventRounds "8"]
[EventCountry "RUS"]
[SourceTitle "EXT 2022"]
[Source "ChessBase"]
[SourceDate "2021.10.06"]
[SourceVersion "1"]
[SourceVersionDate "2021.10.06"]
[SourceQuality "1"]

1. f4 d5 2. Nf3 Nf6 3. g3 Bf5 4. Bg2 e6 5. 0-0 Nbd7 6. d3 Bc5+ 7. e3 c6 8. Qe2 0-0 9. h3 h5 10. Kh2 Qc7 11. Nh4 Bh7 12. e4 dxe4 13. dxe4 Be7 14. Nc3 b5 15. Nd1 Nc5 16. Nf2 Rfd8 17. Bf3 Rd7 18. Ng2 Rad8 19. e5 Nd5 20. Bxh5 Nb4 21. Ne1 Qa5 22. c3 Nxa2 23. Be3 Nb3 24. Ng2 1/2-1/2

[Event "Dubna Autumn Rating"]
[Site "Dubna"]
[Date "2008.10.12"]
[Round "4.2"]
[White "Brjuhin, Boris"]
[Black "Dobrovolsky, Konstantin"]
[Result "0-1"]
[WhiteElo "2148"]
[BlackElo "2113"]
[PlyCount "67"]
[EventDate "2008.10.10"]
[EventType "tourn"]
[EventRounds "8"]
[EventCountry "RUS"]
[SourceTitle "EXT 2022"]
[Source "ChessBase"]
[SourceDate "2021.10.06"]
[SourceVersion "1"]
[SourceVersionDate "2021.10.06"]
[SourceQuality "1"]

1. e4 c5 2. Nf3 d6 3. c3 Nf6 4. Bc4 Nc6 5. d3 g6 6. Ng5 Ne5 7. Bb3 h6 8. f4 Nxd3+ 9. Qxd3 hxg5 10. fxg5 Ng4 11. Bf4 Bg7 12. h3 Qb6 13. Rf1 c4 14. Qxc4 Be6 15. Qa4+ Bd7 16. Qc4 Be6 17. Ba4+ Kd8 18. Qe2 Ne5 19. Na3 Rc8 20. Be3 Qxb2 21. Qxb2 Nd3+ 22. Ke2 Nxb2 23. Bb3 Rxc3 24. Bxa7 Rh4 25. Bb6+ Kd7 26. Rfc1 Rxe4+ 27. Kf1 Bxb3 28. axb3 Rxb3 29. Rc7+ Ke6 30. Bf2 Nd3 31. Ra2 Rf4 32. g3 Rxf2+ 33. Rxf2 Nxf2 34. Kxf2 0-1

[Event "Dubna Cup Rating-A"]
[Site "Dubna"]
[Date "2008.07.17"]
[Round "8"]
[White "Dobrovolsky, Konstantin"]
[Black "Makhnev, Vladimir"]
[Result "1-0"]
[WhiteElo "2080"]
[BlackElo "2316"]
[PlyCount "67"]
[EventDate "2008.07.12"]
[EventType "tourn"]
[EventRounds "11"]
[EventCountry "RUS"]
[SourceTitle "EXT 2022"]
[Source "ChessBase"]
[SourceDate "2021.10.06"]
[SourceVersion "1"]
[SourceVersionDate "2021.10.06"]
[SourceQuality "1"]

1. d4 g6 2. e4 d6 3. Nc3 Bg7 4. Bg5 c6 5. Qd2 b5 6. f4 Nd7 7. Nf3 Nb6 8. e5 d5 9. b3 Bg4 10. Be2 f6 11. Bh4 Nh6 12. Bf2 0-0 13. 0-0 Nf5 14. h3 Bxf3 15. Bxf3 a5 16. Nd1 a4 17. Nb2 Ra7 18. Nd3 Qa8 19. Qc3 Bh6 20. g3 Ng7 21. Nb4 Rc8 22. exf6 exf6 23. Rfe1 Kf7 24. Qc5 Qb7 25. Re2 Nf5 26. Rae1 Bf8 27. Qc3 Qd7 28. Nd3 Bd6 29. Ne5+ fxe5 30. dxe5 Qd8 31. exd6 axb3 32. axb3 Rb7 33. Bg4 Nxd6 34. Be6+ 1-0

[Event "Dubna Cup Rating-A"]
[Site "Dubna"]
[Date "2008.07.16"]
[Round "7"]
[White "Kostin, Konstantin"]
[Black "Dobrovolsky, Konstantin"]
[Result "1-0"]
[WhiteElo "2265"]
[BlackElo "2080"]
[PlyCount "131"]
[EventDate "2008.07.12"]
[EventType "tourn"]
[EventRounds "11"]
[EventCountry "RUS"]
[SourceTitle "EXT 2022"]
[Source "ChessBase"]
[SourceDate "2021.10.06"]
[SourceVersion "1"]
[SourceVersionDate "2021.10.06"]
[SourceQuality "1"]

1. c4 e5 2. Nc3 Nf6 3. Nf3 Nc6 4. e3 Be7 5. d4 exd4 6. Nxd4 d5 7. Nxc6 bxc6 8. Be2 0-0 9. 0-0 Bd6 10. cxd5 cxd5 11. Nb5 Be5 12. Nd4 Ne4 13. Qc2 Qf6 14. Bd3 c5 15. Ne2 Bf5 16. f3 Nd6 17. Bxf5 Nxf5 18. Rb1 Rac8 19. Bd2 Rfd8 20. Qc1 Qa6 21. Rf2 Qxa2 22. f4 Bf6 23. g4 Nd6 24. g5 Be7 25. Ra1 Qb3 26. Rxa7 Bf8 27. Ra3 Qc4 28. Ng3 Qxc1+ 29. Bxc1 c4 30. Ra4 Ra8 31. Rxa8 Rxa8 32. Bd2 Nb5 33. Bc3 Bc5 34. Nf1 Nxc3 35. bxc3 Ra1 36. Kg2 Rc1 37. Rd2 Rxc3 38. Rxd5 Be7 39. Kf3 f6 40. Ng3 fxg5 41. fxg5 g6 42. Rd7 Kf7 43. Rc7 Ke6 44. Ne2 Ra3 45. Nd4+ Kf7 46. Nc6 c3 47. Rxe7+ Kf8 48. Rc7 Ra2 49. Nd4 Rxh2 50. Rxc3 h6 51. gxh6 Rxh6 52. Rc7 Rh3+ 53. Ke4 Rg3 54. Kf4 Rg1 55. Ne6+ Ke8 56. e4 Re1 57. Ke5 Rf1 58. Rg7 Rg1 59. Nf4 g5 60. Nh5 Kf8 61. Ke6 Rf1 62. Rxg5 Re1 63. e5 Rd1 64. Rg2 Re1 65. Nf6 Rg1 66. Nd7+ 1-0